[Event "BL 1819 SV Werder Bremen - SF Berlin"]
[Site "?"]
[Date "2018.12.16"]
[Round "6.8"]
[White "Joachim, Sven"]
[Black "Schmidek, Emil"]
[Result "1/2-1/2"]
[WhiteElo "2392"]
[BlackElo "2382"]
[PlyCount "166"]
[EventDate "2018.??.??"]

1. e4 e5 2. Nf3 Nc6 3. Bc4 Nf6 4. d3 Be7 5. O-O O-O 6. Re1 d6 7. a4 Kh8 8. h3
Ng8 9. Nc3 f5 10. Nd5 Nf6 11. Ng5 fxe4 12. Nxf6 Rxf6 13. Nf7+ Rxf7 14. Bxf7
exd3 15. Qxd3 Nd4 16. Bd5 c6 17. Be4 g6 18. Qd1 d5 19. Bd3 Bf6 20. a5 Qd6 21.
Bd2 Bd7 22. c4 e4 23. Bf1 Nf5 24. cxd5 cxd5 25. Qb3 Bc6 26. Rac1 Re8 27. a6
bxa6 28. Qa3 Bb5 29. Bxb5 axb5 30. Qxd6 Nxd6 31. Rc6 Be5 32. Bc3 d4 33. Bxd4
Bxd4 34. Rxd6 Bxb2 35. Rb1 Ba3 36. Rd7 e3 37. fxe3 Rxe3 38. Rxb5 Re7 39. Rb8+
Kg7 40. Rxe7+ Bxe7 41. Rb7 Kf6 42. Kf1 a5 43. Ra7 h5 44. Rxa5 Bb4 45. Rb5 Bc3
46. Ke2 Ba1 47. Kf3 Bc3 48. Ke4 Ke6 49. Rb6+ Kf7 50. Kd5 Ba1 51. Rb7+ Kf6 52.
Rb1 Bc3 53. Rb3 Ba1 54. Rf3+ Ke7 55. Ra3 Bb2 56. Ra6 Kf7 57. Re6 Bc3 58. Kd6
Bb4+ 59. Kd7 Bc3 60. Re3 Bb2 61. Rf3+ Kg7 62. Ke6 Bd4 63. Rf7+ Kg8 64. Rd7 Bb2
65. Rc7 Ba1 66. Rc1 Bb2 67. Rc2 Ba1 68. Rc8+ Kg7 69. Rc7+ Kg8 70. Rc4 Bb2 71.
g4 hxg4 72. Rxg4 Kg7 73. h4 Kh6 74. Rg5 Bc1 75. Rb5 g5 76. Rc5 Be3 77. Re5 Bc1
78. Re1 Bb2 79. Re2 Ba1 80. Ra2 Bc3 81. Ra3 Bb2 82. Rb3 Ba1 83. hxg5+ Kxg5
1/2-1/2

[Event "BL 1819 SV Mülheim Nord 1931 - USV TU "]
[Site "?"]
[Date "2018.12.16"]
[Round "6.1"]
[White "Almasi, Zoltan"]
[Black "Navara, David"]
[Result "1/2-1/2"]
[WhiteElo "2689"]
[BlackElo "2736"]
[PlyCount "76"]
[EventDate "2018.??.??"]

1. Nf3 Nf6 2. c4 e6 3. g3 d5 4. Bg2 Be7 5. O-O O-O 6. b3 d4 7. e3 c5 8. exd4
cxd4 9. Re1 Nc6 10. Bb2 Re8 11. d3 Bc5 12. Ne5 Nxe5 13. Rxe5 Qd6 14. Qe1 a5 15.
Nd2 Ra7 16. a3 b6 17. h3 Bb7 18. Nf3 Ba8 19. Bc1 Rae7 20. Bg5 Bxa3 21. Bxf6
gxf6 22. Rh5 Rc7 23. Nh2 Bxg2 24. Kxg2 Qc6+ 25. Kg1 Bf8 26. g4 Bd6 27. Qd2
Bxh2+ 28. Kxh2 Qd6+ 29. Kh1 Rc5 30. Qh6 Qc6+ 31. Kh2 Qf3 32. Rg1 Qxf2+ 33. Rg2
Qe3 34. g5 Qf4+ 35. Kh1 Qf1+ 36. Kh2 Qf4+ 37. Kh1 Qf1+ 38. Kh2 Qf4+ 1/2-1/2

[Event "BL 1819 SV Mülheim Nord 1931 - USV TU "]
[Site "?"]
[Date "2018.12.16"]
[Round "6.2"]
[White "Tregubov, Pavel V"]
[Black "Nisipeanu, Liviu-Dieter"]
[Result "1/2-1/2"]
[WhiteElo "2592"]
[BlackElo "2682"]
[PlyCount "54"]
[EventDate "2018.??.??"]

1. c4 e6 2. Nc3 d5 3. d4 a6 4. cxd5 exd5 5. Bf4 Nf6 6. e3 Bd6 7. Bxd6 Qxd6 8.
Bd3 O-O 9. Nge2 Re8 10. Qc2 Nc6 11. a3 Bg4 12. O-O Bh5 13. Rac1 Bg6 14. Bxg6
hxg6 15. Na4 Re7 16. Nc5 Nd8 17. h4 c6 18. Nf4 Nh5 19. Nxh5 gxh5 20. b4 Ne6 21.
Qf5 g6 22. Qf6 Qc7 23. Nd3 Ng7 24. a4 Rd8 25. b5 axb5 26. axb5 Rd6 27. Qg5 Re4
1/2-1/2

[Event "BL 1819 SV Mülheim Nord 1931 - USV TU "]
[Site "?"]
[Date "2018.12.16"]
[Round "6.3"]
[White "Gajewski, Grzegorz"]
[Black "Fridman, Daniel"]
[Result "1-0"]
[WhiteElo "2598"]
[BlackElo "2633"]
[PlyCount "109"]
[EventDate "2018.??.??"]

1. d4 d5 2. c4 e6 3. Nf3 Nf6 4. Nc3 Be7 5. Bf4 O-O 6. e3 Nbd7 7. Be2 dxc4 8.
O-O c5 9. dxc5 Nxc5 10. Bxc4 Qxd1 11. Rfxd1 b6 12. Bd6 Bxd6 13. Rxd6 Bb7 14.
Ne5 Rfd8 15. Rad1 Rxd6 16. Rxd6 Kf8 17. b4 Na6 18. g4 Ke7 19. Rd4 Nb8 20. f4
Ne8 21. Bb5 f6 22. Nc4 Nc6 23. Bxc6 Bxc6 24. Kf2 Rc8 25. e4 Bd7 26. a4 e5 27.
fxe5 Bxg4 28. Nd5+ Kf7 29. exf6 gxf6 30. Nf4 Be6 31. Nd6+ Nxd6 32. Rxd6 Rc2+
33. Ke3 Bc8 34. Nd5 Be6 35. Nf4 Bc8 36. Rd8 Rc4 37. Kd3 Rc1 38. Ke3 Re1+ 39.
Kf3 Rf1+ 40. Kg3 Rg1+ 41. Ng2 Rc1 42. Ne3 Be6 43. Ra8 Rc7 44. Kf4 Rd7 45. h4
Kg6 46. a5 Rd4 47. h5+ Kxh5 48. Rxa7 Rxb4 49. a6 Ra4 50. Re7 Ba2 51. a7 b5 52.
Kf5 Kh4 53. Nd5 Ra3 54. Rxh7+ Kg3 55. Nb6 1-0

[Event "BL 1819 SV Mülheim Nord 1931 - USV TU "]
[Site "?"]
[Date "2018.12.16"]
[Round "6.4"]
[White "Feygin, Michael"]
[Black "Bartel, Mateusz"]
[Result "0-1"]
[WhiteElo "2491"]
[BlackElo "2600"]
[PlyCount "74"]
[EventDate "2018.??.??"]

1. d4 Nf6 2. Nc3 d5 3. Bg5 Bf5 4. f3 Bg6 5. Nh3 c6 6. Qd2 Nbd7 7. O-O-O h6 8.
Bh4 e6 9. Nf4 Bh7 10. Nh5 Ne4 11. Bxd8 Nxd2 12. Bh4 Nxf1 13. Rhxf1 g5 14. Be1
Bg6 15. Ng3 f5 16. e4 dxe4 17. fxe4 f4 18. Nge2 Nf6 19. g3 Ng4 20. Rd3 f3 21.
Rfxf3 Nxh2 22. Rf6 Bf7 23. Rf2 Ng4 24. Rf1 Bg6 25. Rh1 Bg7 26. Ng1 O-O-O 27.
Nf3 Rhf8 28. Kd2 c5 29. Nh2 Nxh2 30. Rxh2 cxd4 31. Ne2 Bxe4 32. Ra3 a6 33. Rf2
Rxf2 34. Bxf2 Bf8 35. Ra4 e5 36. g4 Bc6 37. Rc4 Kd7 0-1

[Event "BL 1819 SV Mülheim Nord 1931 - USV TU "]
[Site "?"]
[Date "2018.12.16"]
[Round "6.5"]
[White "Neef, Maximilian"]
[Black "Saltaev, Mihail"]
[Result "1/2-1/2"]
[WhiteElo "2479"]
[BlackElo "2470"]
[PlyCount "40"]
[EventDate "2018.??.??"]

1. Nf3 d5 2. g3 Nf6 3. Bg2 e6 4. O-O Be7 5. c4 O-O 6. b3 b6 7. cxd5 exd5 8. d4
Bb7 9. Bb2 Na6 10. Nc3 Re8 11. Rc1 Bf8 12. e3 c5 13. Re1 Nc7 14. Re2 Rc8 15.
Rd2 Ba8 16. dxc5 bxc5 17. Nh4 Qe7 18. Na4 Ne4 19. Rdc2 Na6 20. Ba3 Qb7 1/2-1/2

[Event "BL 1819 SV Mülheim Nord 1931 - USV TU "]
[Site "?"]
[Date "2018.12.16"]
[Round "6.6"]
[White "Hausrath, Daniel"]
[Black "Boensch, Uwe"]
[Result "1/2-1/2"]
[WhiteElo "2477"]
[BlackElo "2547"]
[PlyCount "69"]
[EventDate "2018.??.??"]

1. Nf3 d5 2. g3 c5 3. Bg2 Nc6 4. d4 cxd4 5. Nxd4 e5 6. Nxc6 bxc6 7. c4 Be6 8.
Nc3 Nf6 9. Bg5 Bb4 10. O-O Bxc3 11. bxc3 Qa5 12. Bxf6 gxf6 13. cxd5 cxd5 14. c4
Rd8 15. cxd5 Bxd5 16. Bxd5 Rxd5 17. Qb3 O-O 18. Rac1 Rfd8 19. Qf3 Qb6 20. Rc4
Qe6 21. Rh4 f5 22. e4 fxe4 23. Qh5 h6 24. Rxe4 f5 25. Rb4 e4 26. Re1 R8d7 27.
a4 Kg7 28. Qe2 Qf6 29. Reb1 Qc3 30. Rb7 Qf3 31. Rxd7+ Rxd7 32. Qxf3 exf3 33. h3
Rd4 34. Rb3 Rxa4 35. Rxf3 1/2-1/2

[Event "BL 1819 SV Mülheim Nord 1931 - USV TU "]
[Site "?"]
[Date "2018.12.16"]
[Round "6.7"]
[White "Tischbierek, Raj"]
[Black "Zelbel, Patrick"]
[Result "1-0"]
[WhiteElo "2432"]
[BlackElo "2438"]
[PlyCount "59"]
[EventDate "2018.??.??"]

1. e4 Nf6 2. e5 Nd5 3. d4 d6 4. Nf3 g6 5. Bc4 Nb6 6. Bb3 Bg7 7. Qe2 Nc6 8. O-O
O-O 9. h3 Na5 10. Nc3 d5 11. Bg5 f6 12. Bf4 c6 13. Rae1 Nac4 14. Nd1 Bf5 15.
Bg3 Bh6 16. c3 Be4 17. Nh2 f5 18. f3 Bb1 19. Nf2 f4 20. Bh4 Bf5 21. Nd1 Qd7 22.
Ng4 Bg7 23. Bg5 Be6 24. Bc2 h5 25. Ngf2 Bf5 26. Nd3 Bxd3 27. Bxd3 Rf5 28. e6
Qd6 29. Bxf5 gxf5 30. Qf2 1-0

[Event "BL 1819 SV Mülheim Nord 1931 - USV TU "]
[Site "?"]
[Date "2018.12.16"]
[Round "6.8"]
[White "Dinstuhl, Volkmar"]
[Black "Gauglitz, Gernot"]
[Result "1/2-1/2"]
[WhiteElo "2380"]
[BlackElo "2387"]
[PlyCount "43"]
[EventDate "2018.??.??"]

1. d4 Nf6 2. c4 g6 3. Nf3 Bg7 4. e3 O-O 5. Be2 d6 6. Nc3 Nbd7 7. O-O e5 8. Qc2
c6 9. Rd1 Qc7 10. b4 Re8 11. b5 exd4 12. exd4 a6 13. bxc6 bxc6 14. Bf4 Nh5 15.
Be3 Ndf6 16. Re1 Bf5 17. Bd3 Bxd3 18. Qxd3 Nd7 19. Bd2 Nhf6 20. h3 Bf8 21. Bf4
Qa5 22. Bd2 1/2-1/2

[Event "BL 1819 MSA Zugzwang - OSG Baden-Baden"]
[Site "?"]
[Date "2018.12.16"]
[Round "6.1"]
[White "Wojtaszek, Radoslaw"]
[Black "Mons, Leon"]
[Result "0-1"]
[WhiteElo "2732"]
[BlackElo "2535"]
[PlyCount "168"]
[EventDate "2018.??.??"]

1. d4 Nf6 2. c4 e6 3. Nf3 d5 4. Nc3 Be7 5. Bf4 O-O 6. e3 Nbd7 7. c5 Ne4 8. Rc1
f5 9. h3 c6 10. Be2 b6 11. b4 a5 12. b5 Bb7 13. O-O Rc8 14. cxb6 Nxb6 15. bxc6
Rxc6 16. Nb5 Nc4 17. Ne5 Nxe5 18. Bxe5 Qd7 19. f3 Nd6 20. Nxd6 Rxc1 21. Qxc1
Bxd6 22. Bb5 Qxb5 23. Bxd6 Ba6 24. Re1 Rc8 25. Qd2 h6 26. Qf2 Qd7 27. Be5 Bd3
28. Rd1 Bc2 29. Rd2 Qa4 30. h4 Qxa2 31. Qg3 Qb1+ 32. Kh2 Qb7 33. Bd6 Bb3 34.
Bc5 a4 35. Rb2 Qc7 36. Bd6 Qd7 37. Bc5 Kh7 38. Rb1 Qc7 39. Bd6 Qf7 40. Bc5 Rc6
41. Rc1 Qc7 42. Qxc7 Rxc7 43. Kg3 Kg6 44. Kf2 Rb7 45. Rb1 Kh5 46. Kg3 g5 47.
hxg5 hxg5 48. Kf2 Kg6 49. Ke1 Kf6 50. Kd2 g4 51. Kc3 gxf3 52. gxf3 Rh7 53. Bd6
Rh3 54. Rf1 Bc4 55. Rf2 Rh1 56. Rh2 Rb1 57. Be5+ Kg6 58. Rg2+ Kf7 59. Rg7+ Ke8
60. Ra7 Rb3+ 61. Kc2 Rxe3 62. Rxa4 Rxf3 63. Ra8+ Kf7 64. Ra7+ Kg6 65. Rg7+ Kh5
66. Rh7+ Kg4 67. Rg7+ Kh3 68. Rh7+ Kg2 69. Rh4 Ra3 70. Rh2+ Kg1 71. Rh6 Ra2+
72. Kc3 Rf2 73. Rh4 Kf1 74. Rf4 Rxf4 75. Bxf4 Ke2 76. Bh6 Kf3 77. Kd2 f4 78.
Bg5 Kg4 79. Bh6 Kg3 80. Ke1 e5 81. dxe5 d4 82. e6 f3 83. e7 f2+ 84. Kd2 Bb5 0-1

[Event "BL 1819 MSA Zugzwang - OSG Baden-Baden"]
[Site "?"]
[Date "2018.12.16"]
[Round "6.2"]
[White "Kindermann, Stefan"]
[Black "Rapport, Richard"]
[Result "0-1"]
[WhiteElo "2500"]
[BlackElo "2732"]
[PlyCount "62"]
[EventDate "2018.??.??"]

1. d4 Nf6 2. Bg5 c5 3. d5 d6 4. Nc3 h6 5. Bf4 e5 6. dxe6 Bxe6 7. e4 Nc6 8. Nf3
Be7 9. Be2 O-O 10. O-O Re8 11. h3 Bf8 12. Re1 a6 13. Bf1 d5 14. exd5 Nxd5 15.
Nxd5 Qxd5 16. Bd3 Rad8 17. Ne5 c4 18. Be4 Qb5 19. Qf3 Nd4 20. Qg3 Qxb2 21. Kf1
Nf5 22. Qf3 b5 23. c3 Nd6 24. Bc6 Re7 25. a4 b4 26. cxb4 Qxb4 27. g4 c3 28. Qg3
Nc4 29. Bg2 Nxe5 30. Bxe5 c2 31. Rec1 Bb3 0-1

[Event "BL 1819 MSA Zugzwang - OSG Baden-Baden"]
[Site "?"]
[Date "2018.12.16"]
[Round "6.3"]
[White "Naiditsch, Arkadij"]
[Black "Hertneck, Gerald"]
[Result "1/2-1/2"]
[WhiteElo "2736"]
[BlackElo "2493"]
[PlyCount "114"]
[EventDate "2018.??.??"]

1. d4 d5 2. c4 c6 3. Nd2 Bf5 4. Ngf3 e6 5. Qb3 Qb6 6. c5 Qc7 7. Nh4 Bg6 8. Qh3
Nh6 9. g4 Nd7 10. Nxg6 fxg6 11. Nf3 e5 12. Qg3 Nf7 13. g5 Qd8 14. Bh3 e4 15.
Nh4 Be7 16. f4 b6 17. O-O bxc5 18. f5 Nxg5 19. fxg6 Nxh3+ 20. Qxh3 Nf8 21. Nf5
Bf6 22. dxc5 hxg6 23. Qxh8 gxf5 24. Rxf5 Qd7 25. Rxf6 gxf6 26. Qxf6 Qe6 27. Bg5
Qxf6 28. Bxf6 Ne6 29. Rf1 Kd7 30. h4 Rg8+ 31. Kh2 Rf8 32. h5 Rf7 33. Kg3 Ng7
34. Kg2 Nxh5 35. Be5 Rxf1 36. Kxf1 Ke6 37. Bb8 a6 38. e3 Ng7 39. Ke2 Nf5 40.
Kd2 d4 41. exd4 Kd5 42. Kc3 Nxd4 43. a4 e3 44. Kd3 Nb3 45. Kxe3 Kc4 46. Ba7
Nxc5 47. Kd2 Nxa4 48. Kc2 Nc5 49. Bb8 Nb3 50. Kb1 a5 51. Be5 a4 52. Bg7 Nd4 53.
Ka2 Nb5 54. Bf8 c5 55. Be7 Kd4 56. b3 axb3+ 57. Kxb3 c4+ 1/2-1/2

[Event "BL 1819 MSA Zugzwang - OSG Baden-Baden"]
[Site "?"]
[Date "2018.12.16"]
[Round "6.4"]
[White "Zysk, Robert"]
[Black "Vallejo Pons, Francisco"]
[Result "0-1"]
[WhiteElo "2406"]
[BlackElo "2695"]
[PlyCount "100"]
[EventDate "2018.??.??"]

1. d4 Nf6 2. c4 e6 3. Nc3 Bb4 4. Qc2 O-O 5. Nf3 d6 6. Bd2 c5 7. a3 Bxc3 8. Bxc3
cxd4 9. Nxd4 e5 10. Nf3 a5 11. e3 Na6 12. Be2 Nc5 13. O-O a4 14. Rad1 Qc7 15.
Bb4 g6 16. Nd2 Bf5 17. Qc3 b6 18. Nb1 Rfd8 19. Qe1 Bc2 20. Rd2 Bb3 21. f3 d5
22. Qh4 Kg7 23. Nc3 dxc4 24. Rxd8 Rxd8 25. Bxc4 Nd3 26. Bxd3 Rxd3 27. e4 Nh5
28. Qf2 Nf4 29. Ne2 Ne6 30. Nc1 Rd7 31. Nxb3 axb3 32. Qe3 Qc2 33. Bc3 f6 34. h3
Nf4 35. Rf2 Rd1+ 36. Kh2 Qb1 37. Rd2 Rh1+ 38. Kg3 Qf1 39. Rd7+ Kh6 40. Rd2 Rg1
41. Qf2 Rxg2+ 42. Qxg2 Nxg2 43. Rxg2 Kh5 44. Rf2 Qg1+ 45. Rg2 Qc1 46. Re2 Qf1
47. Re1 Qd3 48. Kf2 Kh4 49. Re3 Qd7 50. Be1 Kxh3 0-1

[Event "BL 1819 MSA Zugzwang - OSG Baden-Baden"]
[Site "?"]
[Date "2018.12.16"]
[Round "6.5"]
[White "Bacrot, Etienne"]
[Black "Schramm, Christian"]
[Result "1-0"]
[WhiteElo "2686"]
[BlackElo "2370"]
[PlyCount "97"]
[EventDate "2018.??.??"]

1. e4 e6 2. d4 d5 3. exd5 exd5 4. Nf3 Nf6 5. Bd3 Bd6 6. Qe2+ Qe7 7. Qxe7+ Kxe7
8. O-O Re8 9. Re1+ Kf8 10. Rxe8+ Kxe8 11. Nc3 c6 12. Bd2 Kf8 13. Re1 Nbd7 14.
h3 h6 15. Ne5 Kg8 16. f4 Nf8 17. f5 Bd7 18. Kf2 Re8 19. Nxd7 N8xd7 20. Rxe8+
Nxe8 21. Kf3 Kf8 22. Ne2 Ke7 23. b3 Nef6 24. g4 c5 25. c3 cxd4 26. cxd4 Nb8 27.
g5 hxg5 28. Bxg5 Bb4 29. Nf4 Kd6 30. Bxf6 gxf6 31. h4 Bd2 32. h5 Bxf4 33. Kxf4
Ke7 34. Be2 Nc6 35. Bf3 Nxd4 36. Bxd5 b6 37. a4 Ne2+ 38. Kf3 Ng1+ 39. Kg4 Ne2
40. Kf3 Ng1+ 41. Ke3 Nh3 42. Bg2 Ng5 43. Kd4 Kd6 44. h6 Nh7 45. Bf3 Ng5 46. Bh5
Ke7 47. Kd5 Kd7 48. Bg6 fxg6 49. fxg6 1-0

[Event "BL 1819 MSA Zugzwang - OSG Baden-Baden"]
[Site "?"]
[Date "2018.12.16"]
[Round "6.6"]
[White "Hoffmeyer, Falk"]
[Black "Movsesian, Sergei"]
[Result "1/2-1/2"]
[WhiteElo "2353"]
[BlackElo "2630"]
[PlyCount "86"]
[EventDate "2018.??.??"]

1. d4 Nf6 2. Nf3 g6 3. Bg5 Bg7 4. Nbd2 O-O 5. c3 d6 6. e4 c5 7. dxc5 dxc5 8.
Be2 Qc7 9. h3 h6 10. Be3 Nh5 11. O-O Nf4 12. Bc4 Nc6 13. Re1 b6 14. Qc2 Bb7 15.
Bf1 Rad8 16. Rad1 Ne6 17. a4 Nb8 18. Nc4 Nd7 19. Bc1 Nf6 20. Rxd8 Rxd8 21. Nfd2
Ng5 22. e5 Nd5 23. h4 Ne6 24. g3 a6 25. Bh3 b5 26. axb5 axb5 27. Na3 Qb6 28.
Ne4 c4 29. Kh2 Ndc7 30. f4 Qa6 31. Bg2 Bxe4 32. Rxe4 Nc5 33. Rd4 Rxd4 34. cxd4
Nd3 35. Be4 Nxc1 36. Qxc1 e6 37. Nc2 Bf8 38. Ne3 Qa2 39. Kh3 Qb3 40. h5 Kg7 41.
hxg6 fxg6 42. Bc2 Qa2 43. Qh1 Qa8 1/2-1/2

[Event "BL 1819 MSA Zugzwang - OSG Baden-Baden"]
[Site "?"]
[Date "2018.12.16"]
[Round "6.7"]
[White "Gustafsson, Jan"]
[Black "Eichler, Christoph"]
[Result "1-0"]
[WhiteElo "2641"]
[BlackElo "2310"]
[PlyCount "83"]
[EventDate "2018.??.??"]

1. d4 d5 2. c4 e6 3. Nc3 Nf6 4. cxd5 Nxd5 5. e4 Nxc3 6. bxc3 c5 7. Rb1 Be7 8.
Nf3 O-O 9. Be2 b6 10. O-O Bb7 11. Qd3 cxd4 12. cxd4 Ba6 13. Qe3 Bxe2 14. Qxe2
Qc7 15. d5 exd5 16. exd5 Bf6 17. Ba3 Rd8 18. Rfe1 Nd7 19. Be7 Re8 20. d6 Qb7
21. Rb3 Bxe7 22. dxe7 Nc5 23. Re3 Qc8 24. Nd4 a6 25. Qh5 Qd7 26. Rh3 h6 27. Nf5
Qd2 28. Rd1 Qg5 29. Qf3 Ne6 30. Nxh6+ gxh6 31. Rg3 Ra7 32. h4 Qg7 33. Rxg7+
Kxg7 34. Qg4+ Kf6 35. Qh5 Kg7 36. Rd3 Raxe7 37. Rg3+ Kh7 38. Qf5+ Kh8 39. Qf6+
Kh7 40. Qf5+ Kh8 41. Qf6+ Kh7 42. f4 1-0

[Event "BL 1819 MSA Zugzwang - OSG Baden-Baden"]
[Site "?"]
[Date "2018.12.16"]
[Round "6.8"]
[White "Lammers, Markus"]
[Black "Martin, Julian"]
[Result "1/2-1/2"]
[WhiteElo "2312"]
[BlackElo "2383"]
[PlyCount "135"]
[EventDate "2018.??.??"]

1. d4 Nf6 2. Nf3 g6 3. c4 Bg7 4. g3 O-O 5. Bg2 d5 6. O-O dxc4 7. Na3 c3 8. bxc3
c5 9. Qb3 Nbd7 10. Rd1 cxd4 11. cxd4 Nb6 12. Ne5 Be6 13. Qd3 Nfd7 14. Nf3 Rc8
15. Ng5 Bd5 16. e4 Bc6 17. Nb5 Nc5 18. Qe2 Bxb5 19. Qxb5 h6 20. Nh3 Ne6 21. e5
Nxd4 22. Qd3 Nc2 23. Rb1 Qxd3 24. Rxd3 Ne1 25. Ra3 Nxg2 26. Rxa7 Nh4 27. gxh4
Nc4 28. e6 fxe6 29. Nf4 Bd4 30. Raxb7 Nd6 31. Rxe7 e5 32. Re6 Rcd8 33. Nd3 Kf7
34. Rxd6 Rxd6 35. Ba3 Rfd8 36. Bxd6 Rxd6 37. h5 g5 38. Kg2 e4 39. Nb4 Bc5 40.
Rb2 Kf6 41. a3 Kf5 42. Rc2 Bxb4 43. axb4 Rb6 44. Rc5+ Ke6 45. Kg3 Rxb4 46. Rc6+
Kf5 47. Rxh6 Rb3+ 48. Kg2 Kg4 49. Rh8 Rb2 50. h3+ Kh4 51. h6 Kh5 52. h7 Rb7 53.
Kh2 Rf7 54. Kg3 Rf3+ 55. Kg2 Rf7 56. Kg1 Kh6 57. Kg2 Rxh7 58. Re8 Kh5 59. Rxe4
Ra7 60. Re6 Ra4 61. Kg3 Rb4 62. f3 Rb1 63. Kf2 Rb2+ 64. Ke3 Rb3+ 65. Ke4 Rb4+
66. Ke5 Rh4 67. Re8 Rf4 68. Rh8+ 1/2-1/2

[Event "BL 1819 BCA Augsburg - SF Deizisau"]
[Site "?"]
[Date "2018.12.16"]
[Round "6.1"]
[White "Bluebaum, Matthias"]
[Black "Prusikin, Michael"]
[Result "1-0"]
[WhiteElo "2611"]
[BlackElo "2518"]
[PlyCount "195"]
[EventDate "2018.??.??"]

1. d4 d5 2. Nf3 e6 3. g3 b5 4. Bg2 Nf6 5. O-O Be7 6. a4 b4 7. c4 bxc3 8. Nxc3
O-O 9. Bf4 c6 10. Ne5 Nfd7 11. Nd3 a5 12. e4 Na6 13. exd5 exd5 14. Re1 Bf6 15.
Ne2 Re8 16. Rc1 Bb7 17. Qb3 Qb6 18. Qxb6 Nxb6 19. b3 Nd7 20. Bh3 Nf8 21. Bd2
Nc7 22. Nc5 Ba6 23. Nxa6 Rxa6 24. Bf1 Rea8 25. Be3 Rb6 26. Rc2 Na6 27. Bd2 Nb4
28. Bxb4 Rxb4 29. Rxc6 Rxb3 30. Bg2 Rb4 31. Nc3 Bxd4 32. Nxd5 Rxa4 33. Rc7 Rb8
34. Ne7+ Kh8 35. Nc6 Rc4 36. Rxf7 Rc8 37. Nxa5 R4c7 38. Rxc7 Rxc7 39. Nc6 Bc5
40. Re5 Bd6 41. Re8 g6 42. Be4 Kg7 43. Kg2 Nd7 44. Ra8 Nc5 45. Bd5 Bf8 46. Ne5
Nd7 47. Nd3 Nb6 48. Ra5 Bd6 49. Ra6 Nxd5 50. Rxd6 Nf6 51. Ra6 Ne4 52. Ra4 Nf6
53. Nf4 Rd7 54. Ra6 Kf7 55. h4 Rb7 56. Nd3 Kg7 57. Nc5 Re7 58. Ne6+ Kf7 59.
Ng5+ Kg7 60. f3 Nh5 61. Ne4 Rb7 62. Kh3 Rf7 63. Ng5 Rd7 64. Ne6+ Kf7 65. g4 Nf6
66. Kg3 Re7 67. Nf4 Rd7 68. Ra5 Rb7 69. h5 gxh5 70. g5 Ne8 71. Rf5+ Kg8 72.
Nxh5 Ng7 73. Nxg7 Kxg7 74. Rf6 Rb1 75. Ra6 Rb4 76. f4 Rb3+ 77. Kg4 Rb5 78. Ra7+
Kg8 79. Re7 Ra5 80. Re5 Ra4 81. Kf5 Kf7 82. Rb5 Kg7 83. Rb7+ Kg8 84. Re7 Ra8
85. Ke5 Ra5+ 86. Kf6 Ra6+ 87. Re6 Ra8 88. f5 Rf8+ 89. Ke5 Ra8 90. Rd6 Re8+ 91.
Re6 Ra8 92. Re7 Ra5+ 93. Kf6 Ra6+ 94. Re6 Ra8 95. g6 Rf8+ 96. Kg5 Ra8 97. Kh6
Rf8 98. f6 1-0

[Event "BL 1819 BCA Augsburg - SF Deizisau"]
[Site "?"]
[Date "2018.12.16"]
[Round "6.2"]
[White "Nestorovic, Nikola"]
[Black "Meier, Georg"]
[Result "0-1"]
[WhiteElo "2460"]
[BlackElo "2617"]
[PlyCount "64"]
[EventDate "2018.??.??"]

1. e4 e6 2. d4 d5 3. exd5 exd5 4. Nf3 c6 5. Bd3 Bd6 6. O-O Ne7 7. b3 Bg4 8. h3
Bh5 9. c4 Nd7 10. Re1 f6 11. Qe2 Bf7 12. Bf5 Kf8 13. Be6 Qe8 14. Nc3 Rd8 15. c5
Bc7 16. Ng5 fxg5 17. Bxg5 Nf6 18. Qf3 Bxe6 19. Rxe6 Qf7 20. Rae1 Neg8 21. g4
Re8 22. R6e3 Rxe3 23. Rxe3 Ne7 24. Bf4 Bd8 25. Bd6 Ke8 26. Qe2 Kd7 27. g5 Ne4
28. Nxe4 dxe4 29. Rxe4 Nf5 30. d5 Qxd5 31. Re5 Qf7 32. Qd3 Nxd6 0-1

[Event "BL 1819 BCA Augsburg - SF Deizisau"]
[Site "?"]
[Date "2018.12.16"]
[Round "6.3"]
[White "Krasenkow, Michal"]
[Black "Pitl, Gregory"]
[Result "1-0"]
[WhiteElo "2630"]
[BlackElo "2388"]
[PlyCount "71"]
[EventDate "2018.??.??"]

1. Nf3 d5 2. d4 Nf6 3. c4 c6 4. g3 Bg4 5. Bg2 e6 6. Nbd2 Nbd7 7. O-O Be7 8. Re1
O-O 9. e4 a5 10. Qb3 a4 11. Qc3 Qb6 12. c5 Qa7 13. e5 Ne8 14. b4 axb3 15. Nxb3
b6 16. cxb6 Qxb6 17. Bd2 Nc7 18. a4 Rfb8 19. Reb1 Na6 20. Bf1 Nb4 21. Ne1 Bf5
22. Rb2 Qa7 23. Be3 f6 24. exf6 gxf6 25. Nc5 Nxc5 26. dxc5 Na6 27. Rb6 Rxb6 28.
cxb6 Qb7 29. a5 c5 30. Bg2 Rc8 31. Nd3 Qd7 32. Nf4 c4 33. Bd4 Kf7 34. Nh5 Bb4
35. Qe3 c3 36. Qh6 1-0

[Event "BL 1819 BCA Augsburg - SF Deizisau"]
[Site "?"]
[Date "2018.12.16"]
[Round "6.4"]
[White "Stankovic, Milos"]
[Black "Donchenko, Alexander"]
[Result "1/2-1/2"]
[WhiteElo "2451"]
[BlackElo "2604"]
[PlyCount "49"]
[EventDate "2018.??.??"]

1. e4 c6 2. d4 d5 3. e5 Bf5 4. c4 e6 5. Nc3 Ne7 6. Nf3 h6 7. h3 Nd7 8. cxd5
Nxd5 9. Bd3 Bb4 10. O-O Bxd3 11. Qxd3 Be7 12. Bd2 O-O 13. Rfe1 Re8 14. Rac1 Rc8
15. Ne4 Qb6 16. a4 a5 17. Nd6 Bxd6 18. exd6 N7f6 19. Ne5 Red8 20. Rc5 Qa7 21.
Qg3 Kf8 22. Qa3 Kg8 23. Qg3 Kf8 24. Qa3 Kg8 25. Qg3 1/2-1/2

[Event "BL 1819 BCA Augsburg - SF Deizisau"]
[Site "?"]
[Date "2018.12.16"]
[Round "6.5"]
[White "Heimann, Andreas"]
[Black "Schmittdiel, Eckhard"]
[Result "1-0"]
[WhiteElo "2600"]
[BlackElo "2435"]
[PlyCount "71"]
[EventDate "2018.??.??"]

1. e4 e6 2. d4 d5 3. Nc3 Nf6 4. e5 Nfd7 5. f4 c5 6. Nf3 Nc6 7. Be3 a6 8. Qd2 b5
9. a3 b4 10. axb4 Nxb4 11. Bb5 c4 12. O-O Be7 13. Ne2 Bb7 14. Ba4 Bc6 15. Bxc6
Nxc6 16. g4 f5 17. gxf5 exf5 18. Kh1 Nf8 19. b3 Nb4 20. Ra4 Rb8 21. c3 Nd3 22.
b4 Rb6 23. Rfa1 Ne6 24. Rxa6 O-O 25. Nc1 Nxc1 26. Qxc1 g5 27. Rxb6 Qxb6 28.
fxg5 f4 29. Bf2 Nc7 30. Qc2 Qe6 31. Ra7 Bd8 32. Bh4 Qg4 33. Qg2 Qxg2+ 34. Kxg2
Nb5 35. Rd7 Nxc3 36. g6 1-0

[Event "BL 1819 BCA Augsburg - SF Deizisau"]
[Site "?"]
[Date "2018.12.16"]
[Round "6.7"]
[White "Dautov, Rustem"]
[Black "Lipok, Christoph"]
[Result "1-0"]
[WhiteElo "2592"]
[BlackElo "2286"]
[PlyCount "63"]
[EventDate "2018.??.??"]

1. d4 d5 2. c4 e6 3. Nf3 Nf6 4. Nc3 Be7 5. Bg5 h6 6. Bh4 O-O 7. Rc1 b6 8. cxd5
Nxd5 9. Nxd5 exd5 10. Bxe7 Qxe7 11. e3 Be6 12. Be2 c5 13. b3 a5 14. O-O Nd7 15.
Bb5 Rac8 16. Qe1 Bg4 17. Bxd7 Bxd7 18. dxc5 Bb5 19. c6 Bxf1 20. Qxf1 Qa3 21.
Rc2 a4 22. Nd4 axb3 23. axb3 Qb4 24. g3 Ra8 25. Kg2 Ra5 26. Qd3 Rfa8 27. c7 Qf8
28. Nc6 Rc5 29. b4 Rxc2 30. Qxc2 d4 31. exd4 Qd6 32. Na7 1-0

[Event "BL 1819 BCA Augsburg - SF Deizisau"]
[Site "?"]
[Date "2018.12.16"]
[Round "6.8"]
[White "Mueller, Werner"]
[Black "Graf, Alexander"]
[Result "0-1"]
[WhiteElo "2077"]
[BlackElo "2567"]
[PlyCount "60"]
[EventDate "2018.??.??"]

1. Nf3 g6 2. g3 Bg7 3. Bg2 d5 4. d3 e5 5. O-O Ne7 6. e4 O-O 7. Nc3 d4 8. Ne2 c5
9. Nh4 Nec6 10. c4 dxc3 11. bxc3 c4 12. dxc4 Be6 13. Ba3 Re8 14. Qxd8 Rxd8 15.
Rfd1 Nd7 16. c5 Na5 17. f4 Bf8 18. fxe5 Nc4 19. Bc1 Bxc5+ 20. Kh1 Ndxe5 21. Bg5
Rxd1+ 22. Rxd1 Ng4 23. Rd8+ Rxd8 24. Bxd8 Nf2+ 25. Kg1 Nxe4+ 26. Kh1 f5 27. h3
Ne3 28. Nf3 Bxa2 29. Nfd4 Nxg2 30. Kxg2 Bc4 0-1

[Event "BL 1819 SG Turm Kiel - SV 1920 Hofheim"]
[Site "?"]
[Date "2018.12.16"]
[Round "6.1"]
[White "Volokitin, Andrei"]
[Black "Salgado Lopez, Ivan"]
[Result "1/2-1/2"]
[WhiteElo "2630"]
[BlackElo "2629"]
[PlyCount "58"]
[EventDate "2018.??.??"]

1. e4 c5 2. Nf3 Nc6 3. d4 cxd4 4. Nxd4 Nf6 5. Nc3 d6 6. Bg5 e6 7. Qd2 a6 8.
O-O-O Bd7 9. f4 Be7 10. Nf3 b5 11. e5 b4 12. exf6 bxc3 13. Qxc3 gxf6 14. Bh4
Rg8 15. Kb1 Rb8 16. Rg1 Qb6 17. Be2 f5 18. Bxe7 Kxe7 19. b3 Rgc8 20. Qg7 Nb4
21. Ng5 Be8 22. Nxh7 Nd5 23. Rxd5 Qxg1+ 24. Rd1 Qc5 25. Qf8+ Kd7 26. Nf6+ Kc6
27. c4 d5 28. cxd5+ Kb7 29. Qxc5 Rxc5 1/2-1/2